Statistiques concernant Pays avec un ou plusieurs N

Cliquez ici pour prendre le quiz!

Statistiques générales

  • Ce quiz a été pris 2 129 fois
    (1 229 depuis la dernière actualisation)
  • Le résultat moyen est 85 sur 113

Statistiques - réponses

Nombre de NPays% Correct
NFrance
93%
NJapon
89%
NCanada
88%
NChine
88%
NEspagne
88%
NNNouvelle-Zélande
88%
NNArgentine
87%
NNFinlande
87%
NNorvège
87%
NInde
86%
NIrlande
86%
NPakistan
86%
NNAfghanistan
85%
NAllemagne
85%
NNIndonésie
85%
NRoyaume-Uni
85%
NNTurkménistan
85%
NIran
84%
NIslande
84%
NOuzbékistan
84%
NGuinée
83%
NKazakhstan
83%
NNamibie
83%
NSoudan
83%
NEstonie
82%
NLituanie
82%
NNiger
82%
NRépublique démocratique du Congo
82%
NRépublique du Congo
82%
NEtats-Unis
81%
NLettonie
81%
NMonaco
81%
NNigeria
81%
NPologne
81%
NAndorre
80%
NSoudan du Sud
80%
NTadjikistan
80%
NVenezuela
80%
NNépal
79%
NVatican
79%
NAlbanie
78%
NGuinée-Bissau
78%
NHongrie
78%
NKirghizistan
78%
NLiban
78%
NNicaragua
78%
NNSaint-Marin
78%
NNNNNSaint-Vincent-et-les-Grenadines
78%
NSlovénie
78%
NTunisie
78%
NAngola
77%
NDanemark
77%
NGuinée équatoriale
77%
NSénégal
77%
NUkraine
77%
NYémen
77%
NAzerbaïdjan
76%
NOman
76%
NArménie
75%
NNBosnie-Herzégovine
75%
NCorée du Nord
75%
NNMonténégro
75%
NPanama
75%
NNPapouasie-Nouvelle-Guinée
75%
NRoumanie
75%
NKenya
74%
NNMacédoine du Nord
74%
NNRépublique dominicaine
74%
NHonduras
73%
NJordanie
73%
NNLiechtenstein
73%
NNSaint-Christophe-et-Niévès
73%
NSainte-Lucie
73%
NSuriname
73%
NViêt Nam
73%
NThaïlande
72%
NBhoutan
71%
NBirmanie
71%
NCameroun
71%
NGhana
71%
NMongolie
71%
NNauru
71%
NDominique
70%
NGuyana
70%
NNRépublique centrafricaine
70%
NNTanzanie
70%
NBangladesh
69%
NGabon
69%
NOuganda
69%
NMauritanie
68%
NBurundi
67%
NSingapour
67%
NNBénin
66%
NBurkina Faso
66%
NEmirats arabes unis
66%
NMicronésie
66%
NTonga
66%
NAntigua-et-Barbuda
65%
NBahreïn
65%
NEswatini
65%
NPhilippines
65%
NVanuatu
65%
NBrunei
64%
NRwanda
64%
NTaïwan
64%
NTrinité-et-Tobago
64%
NGrenade
63%
NSierra Leone
61%
NBotswana
60%
NSri Lanka
60%
NSalomon
59%
NTimor oriental
54%
NSao Tomé-et-Principe
48%

Distribution des résultats

Percentile par nombre de réponses

% des personnes avec chaque résultat

Votre développement - résultats

Vous n’avez pas pris ce quiz depuis la dernière actualisation